ELEMENTS OF COMMERCE AND BUSSINESS METHODS (Record no. 62516)

MARC details
000 -LEADER
fixed length control field 00511nam a2200193Ia 4500
008 - FIXED-LENGTH DATA ELEMENTS--GENERAL INFORMATION
fixed length control field 090123s9999 xx 000 0 und d
082 ## - DEWEY DECIMAL CLASSIFICATION NUMBER
Item number 24445
100 ## - MAIN ENTRY--PERSONAL NAME
Personal name GOVEKAR P.B.
245 ## - TITLE STATEMENT
Title ELEMENTS OF COMMERCE AND BUSSINESS METHODS
250 ## - EDITION STATEMENT
Edition statement 0
260 ## - PUBLICATION, DISTRIBUTION, ETC. (IMPRINT)
Name of publisher, distributor, etc NEW BOOK CO.
300 ## - PHYSICAL DESCRIPTION
Extent 353
600 ## - SUBJECT ADDED ENTRY--PERSONAL NAME
Personal name GOVEKAR P.B.
630 ## - SUBJECT ADDED ENTRY--UNIFORM TITLE
Uniform title ELEMENTS OF COMMERCE AND BUSSINESS METHODS
700 ## - ADDED ENTRY--PERSONAL NAME
Personal name GOVEKAR P.B.
700 ## - ADDED ENTRY--PERSONAL NAME
Personal name GOVEKAR P.B.
730 ## - ADDED ENTRY--UNIFORM TITLE
Uniform title ELEMENTS OF COMMERCE AND BUSSINESS METHODS
942 ## - ADDED ENTRY ELEMENTS (KOHA)
Koha item type Book
Holdings
Withdrawn status Lost status Damaged status Not for loan Home library Current library Date acquired Cost, normal purchase price Total Checkouts Full call number Barcode Date last seen Cost, replacement price Price effective from Koha item type
        Jawahar Wachalanalaya, Kalwa Jawahar Wachalanalaya, Kalwa 03/31/2002 8.00   24445 KLW-24445 01/23/2009 8.00 01/23/2009 Book